Cuento escondido / (Registro nro. 15051)
[ vista simple ]
| 000 -LIDER | |
|---|---|
| fixed length control field | 00831nam a22002897a 4500 |
| 001 - NÚMERO DE CONTROL | |
| Identificador de número de control | 000704 |
| 003 - IDENTIFICACDOR DE NÚMERO DE CONTROL | |
| control field | DO-SdBPM |
| 005 - DATE AND TIME OF LATEST TRANSACTION | |
| control field | 20250514125037.0 |
| 007 - CAMPOS FIJOS DE DESCRIPCIÓN FÍSICA | |
| fixed length control field | 000704 |
| 008 - ELEMENTOS DE LONGITUD FIJA | |
| fixed length control field | 161115b 2007 ag a |||| 00| 0 spa d |
| 020 ## - ISBN | |
| International Standard Book Number | 9789875731202 |
| 040 ## - FUENTE DE CATALOGACIÓN | |
| Agencia que crea de manera original el registro | DO-SdBPM |
| Idioma de catalogación | spa |
| Agencia que realiza la transcripción | BPMSU |
| 082 #4 - NÚMERO DE CLASIFICACIÓN DECIMAL DE DEWEY | |
| Classification number | A863.6 |
| Item number | D491c 2007 |
| Edition number | 22 |
| 100 1# - ASIENTO PRINCIPAL -- NOMBRE PERSONAL | |
| Nombre personal | Devetach, Laura |
| 245 10 - MENCIÓN DE TITULO | |
| Título | Cuento escondido / |
| Mención de responsabilidad | Laura Devetach ; ilustraciones O Kif |
| 250 ## - MENCIÓN DE EDICION | |
| Mención de edición | |
| 260 ## - PUBLICACIÓN, DISTRIBUCIÓN, ETC. (PIE DE IMPRENTA) | |
| Lugar de publicación, distribución, etc | Buenos Aires, Argentina : |
| Nombre del editor, distribuidor, etc. | SM, |
| Fecha de publicación, distribución, etc | 2007 |
| 300 ## - DESCRIPCIÓN FÍSICA | |
| Extensión | 31 p. : |
| Otros detalles físicos | il. ; |
| Dimensiones | 20 cm. |
| 490 0# - MENCIÓN DE SERIES | |
| Mención de serie | Los piratas ; |
| -- | El barco de vapor |
| Volume/sequential designation | 9/A |
| 500 ## - NOTA GENERAL | |
| Nota general | |
| 590 ## - NOTA LOCAL | |
| Texto de la nota local | Inventariado, 2025/VM |
| 650 #4 - ENCABEZAMIENTO DE MATERIA--TEMÁTICO | |
| Término temático o nombre geográfico como elemento de entrada | Cuentos infantiles argeninos |
| 650 #4 - ENCABEZAMIENTO DE MATERIA--TEMÁTICO | |
| Término temático o nombre geográfico como elemento de entrada | Libros ilustrados infantiles |
| 700 1# - ASIENTO SECUNDARIO -- NOMBRE PERSONAL | |
| Nombre personal | Legnazzi, Claudia |
| 910 ## - VALIDACIÓN | |
| Validación | VMateo V. Control de calidad. BPMSU |
| 942 ## - ADDED ENTRY ELEMENTS (KOHA) | |
| Source of classification or shelving scheme | Dewey Decimal Classification |
| Koha item type | Libros |
| Withdrawn status | Lost status | Source of classification or shelving scheme | Damaged status | Not for loan | Collection code | Home library | Current library | Date acquired | Source of acquisition | Total Checkouts | Full call number | Barcode | Date last seen | Price effective from | Koha item type |
|---|---|---|---|---|---|---|---|---|---|---|---|---|---|---|---|
| Dewey Decimal Classification | Colección Infantil General | Biblioteca Pública Metropolitana Salomé Ureña | Biblioteca Pública Metropolitana Salomé Ureña | 05/14/2025 | Carmen Polanco | BPMSU CGI A863.6 D491c 2007 | BPMSU25050025 | 05/14/2025 | 05/14/2025 | Libros |